Online Catalogue and eLibrary

Religion and PoliticaL in South Asia : (Record no. 804)

MARC details
000 -LEADER
fixed length control field 00492nam a2200181Ia 4500
005 - DATE AND TIME OF LATEST TRANSACTION
control field 20240718082050.0
008 - FIXED-LENGTH DATA ELEMENTS--GENERAL INFORMATION
fixed length control field 240331s9999 xx 000 0 und d
020 ## - INTERNATIONAL STANDARD BOOK NUMBER
ISBN 0195633385
082 ## - DDC Classification
Class No. 200.54
Item Number - Author Mark REL
245 #0 - TITLE STATEMENT
Title Religion and PoliticaL in South Asia :
Remainder of title India,Pakistan, and Sri Lanka
260 ## - PUBLICATION, DISTRIBUTION, ETC.
Place of publication, distribution, etc. New Delhi
Name of publisher, distributor, etc. Greenwood Publishing Group Inc
Date of publication, distribution, etc. 1992
300 ## - PHYSICAL DESCRIPTION
Extent (e.g. Volumes, Pages etc.) viii, 230 p .,
650 ## - SUBJECT ADDED ENTRY--TOPICAL TERM
Topical term or geographic name entry element Religion
650 ## - SUBJECT ADDED ENTRY--TOPICAL TERM
Topical term or geographic name entry element Political
650 ## - SUBJECT ADDED ENTRY--TOPICAL TERM
Topical term or geographic name entry element Social
700 ## - ADDED ENTRY--PERSONAL NAME
Personal name Allen,D.
Relator term (Role) Editor
942 ## - Koha item type (Biblio)
Koha item type Books in Stacks (Lending)
Holdings
Lost status Damaged status Collection code Home library Current library Shelving location Date acquired Full call number Accession Number Item type
    Lending WERC Library WERC Library Social Science Cupboard 03/31/2024 200.54 REL 3963 Books in Stacks (Lending)

© WERC Library